000 00442pab a2200181 454500
008 180718b2009 xxu||||| |||| 00| 0 eng d
100 _aTalawar, M.S.
245 _aPodcasting: a new trend of web-based technology in education
260 _c2009
300 _ap.13-15.
362 _a27 Jul
650 _aEducation
650 _aPodcasting
700 _aKumar, T. Pradeep
773 _aUniversity News
908 _aN
909 _a83301
999 _c83301
_d83301